Iraq, a country study /

محفوظ في:

مؤلف مشترك: American University (Washington, D.C.). Foreign Area Studies

مؤلفون آخرون: Nyrop, Richard F.

التنسيق: كتاب

اللغة: English

منشور في: Washington, D.C : The University : for sale by the Supt. of Docs., U.S. Govt. Print. Off., c1979.

الطبعة: 3rd ed.

سلاسل: Area Handbook series.

الموضوعات:

الوسوم: إضافة وسم

لا توجد وسوم, كن أول من يضع وسما على هذه التسجيلة!

رقم الطلب: DS70.6 .S60 1979

LEADER 01073namaa2200277 4500
003 OSt
005 20260211075633.0
008 130303s1979 dcua b 001 0 eng d
040 |c ARCE Library 
043 |a a-iq--- 
050 4 |a DS70.6 .S60 1979 
110 2 |a American University (Washington, D.C.).  |b Foreign Area Studies, 
245 1 0 |a Iraq, a country study /  |c Foreign Area Studies, the American University ; edited by Richard F. Nyrop. 
250 |a 3rd ed. 
264 1 |a Washington, D.C :  |b The University : for sale by the Supt. of Docs., U.S. Govt. Print. Off.,   |c c1979. 
300 |a xxi, 320 pages :   |b illustrations ;   |c 24 cm. 
490 0 |a Area Handbook series. 
500 |a Supersedes the 1971 ed. prepared by H. H. Smith and others, and issued under title: Area handbook for Iraq. 
500 |a "Research completed February 1979." 
500 |a "DA Pam 550-31." 
504 |a Includes bibliographical referenecs (pages 289-304) and index. 
651 0 |a Iraq. 
700 1 |a Nyrop, Richard F.,  |9 37033 
901 |a reviewed 
942 |c BK  |2 lcc 
999 |c 8944  |d 8944